Magyar Közélet. - 2.évf. (1930) 18.sz.
Elmentve itt :
| Dokumentumtípus: | Folyóirat |
|---|---|
| Megjelent: |
1930
|
| Sorozat: | Magyar Közélet
2 No. 18 |
| Online Access: | http://misc.bibl.u-szeged.hu/55472 |
| LEADER | 00454nas a2200133 i 4500 | ||
|---|---|---|---|
| 001 | misc55472 | ||
| 005 | 20210910134118.0 | ||
| 008 | 200504s1930 hu o 0|| zxx d | ||
| 040 | |a SZTE Miscellanea Repozitórium |b hun | ||
| 041 | |a zxx | ||
| 245 | 0 | 0 | |a Magyar Közélet. - 2.évf. (1930) 18.sz. |h [elektronikus dokumentum] |
| 260 | |c 1930 | ||
| 490 | 0 | |a Magyar Közélet |v 2 No. 18 | |
| 856 | 4 | 0 | |u http://misc.bibl.u-szeged.hu/55472/1/magyar_kozelet_1930_018.pdf |z Dokumentum-elérés |